[Event "Ste-Foy 2 2023-24"]
[Site "Ste-Foy CAN"]
[Date "2023.11.20"]
[Round "5"]
[White "Caire, Francois"]
[Black "Potvin, Alain-Nicolas"]
[Result "1-0"]
[WhiteElo "2220"]
[BlackElo "1711"]
[Annotator "Alain-Nicolas Potvin"]
[PlyCount "54"]
[EventDate "2023.10.23"]
[EventType "tourn"]
[EventRounds "5"]
[EventCountry "CAN"]

1. d4 Nf6 2. c4 c5 3. d5 e6 4. Nc3 exd5 5. cxd5 d6 6. e4 g6 7. f4 Bg7 8. e5
dxe5 9. fxe5 Qe7 10. Nf3 Ng4 11. d6 Qd7 12. Nd5 O-O 13. Nc7 Nxe5 14. Bf4 Nbc6
15. Nxe5 Nxe5 16. Nxa8 Qf5 17. Qd2 Qe4+ 18. Be2 Bg4 19. Bxe5 Bxe5 20. Nc7 Bxd6
21. Nd5 Be5 22. Ne3 Bf4 23. Bxg4 Bxe3 24. Qe2 Re8 25. Bf3 Qa4 26. Kf1 Bd4 27.
Qd3 Re3 1-0

[Event "Ste-Foy 2 2023-24"]
[Site "Ste-Foy CAN"]
[Date "2023.11.20"]
[Round "5"]
[White "Couture, Francois"]
[Black "Soucy, Mathieu"]
[Result "1-0"]
[WhiteElo "1259"]
[BlackElo "1175"]
[PlyCount "83"]
[EventDate "2023.10.23"]
[EventType "tourn"]
[EventRounds "5"]
[EventCountry "CAN"]

1. d4 Nf6 2. c4 e5 3. dxe5 Ng4 4. Nf3 d6 5. h3 Nxe5 6. Nxe5 dxe5 7. Qxd8+ Kxd8
8. e4 Nc6 9. a3 Bc5 10. Be2 Nd4 11. Bd1 a5 12. O-O h6 13. Nd2 Ra6 14. Nb3 Nxb3
15. Bxb3 Rg6 16. Rd1+ Bd4 17. Kh2 f5 18. Be3 c5 19. f4 Ke7 20. Bxd4 exd4 21. e5
Rb6 22. Rd3 g5 23. g3 Bd7 24. Ra2 Bc6 25. Bc2 gxf4 26. gxf4 Be4 27. Rd2 Rg8 28.
Ba4 Rbg6 29. b3 b6 30. b4 axb4 31. axb4 Rg3 32. bxc5 bxc5 33. Bb5 Rf3 34. Ra7+
Ke6 35. Bd7+ Kf7 36. Bxf5+ Kf8 37. Bxe4 Rxf4 38. Bd5 Rg5 39. e6 Rgf5 40. e7+
Ke8 41. Bc6+ Kf7 42. e8=Q+ 1-0

[Event "Ste-Foy 2 2023-24"]
[Site "Ste-Foy CAN"]
[Date "2023.11.20"]
[Round "5"]
[White "Dionne, Frederick"]
[Black "Renzo, Alain"]
[Result "0-1"]
[WhiteElo "1298"]
[BlackElo "1316"]
[PlyCount "88"]
[EventDate "2023.10.23"]
[EventType "tourn"]
[EventRounds "5"]
[EventCountry "CAN"]

1. e4 e5 2. Nc3 Nf6 3. f4 d6 4. Nf3 Nc6 5. Bb5 Bd7 6. d3 a6 7. Bxc6 Bxc6 8.
fxe5 dxe5 9. Nxe5 Qd6 10. Bf4 Qe6 11. a3 O-O-O 12. b4 Nxe4 13. Nxe4 Bxe4 14.
Qe2 Bf5 15. Be3 Qxe5 16. O-O Bd6 17. g3 g6 18. Qf2 Rhe8 19. Bg5 Be7 20. Rae1
Qd4 21. Bf4 Qc3 22. Re2 Bd6 23. Bg5 Rxe2 24. Qxe2 f6 25. Bc1 Qe5 26. Qf2 Re8
27. Bf4 Qe7 28. Qa7 Bxf4 29. Rxf4 Qe3+ 30. Qxe3 Rxe3 31. Kf2 Re5 32. g4 Be6 33.
Rxf6 Bxg4 34. Rf8+ Kd7 35. Rf7+ Re7 36. Rxe7+ Kxe7 37. Kg3 h5 38. Kf4 Kd6 39.
h4 Kd5 40. c3 Bf5 41. Ke3 b5 42. d4 c6 43. Kd2 Kc4 44. Ke3 Kxc3 0-1

[Event "Ste-Foy 2 2023-24"]
[Site "Ste-Foy CAN"]
[Date "2023.11.20"]
[Round "5"]
[White "Drolet, Stephane"]
[Black "Vaillant, Charles-Etienne"]
[Result "0-1"]
[WhiteElo "2048"]
[BlackElo "1768"]
[PlyCount "68"]
[EventDate "2023.10.23"]
[EventType "tourn"]
[EventRounds "5"]
[EventCountry "CAN"]

1. Nf3 d5 2. d4 Nf6 3. c4 c6 4. Qc2 dxc4 5. Qxc4 Bf5 6. Nc3 e6 7. g3 Be7 8. Bg2
Nbd7 9. O-O O-O 10. Rd1 Bc2 11. e3 Bxd1 12. Nxd1 Qc7 13. Nc3 Rac8 14. Bd2 e5
15. Qe2 Rfe8 16. h4 Bf8 17. Bh3 Rcd8 18. g4 exd4 19. Nxd4 Nc5 20. Qf3 Nfe4 21.
Be1 Qe5 22. Qg2 Nxc3 23. Bxc3 Qe4 24. Nf3 Na4 25. Ba5 b6 26. Bc3 Nxc3 27. bxc3
Ba3 28. Kh1 Bb2 29. Rg1 Bxc3 30. g5 g6 31. Bg4 c5 32. h5 c4 33. Qh3 Bg7 34.
hxg6 hxg6 0-1

[Event "Ste-Foy 2 2023-24"]
[Site "Ste-Foy CAN"]
[Date "2023.11.20"]
[Round "5"]
[White "Fillion, Jean-Yves"]
[Black "Bergeron, Nicolas"]
[Result "0-1"]
[WhiteElo "1328"]
[BlackElo "1446"]
[PlyCount "56"]
[EventDate "2023.10.23"]
[EventType "tourn"]
[EventRounds "5"]
[EventCountry "CAN"]
[TimeControl "90+30"]

1. d4 Nf6 2. Bf4 c5 3. Nf3 Qb6 4. dxc5 Qxb2 5. Nbd2 Nc6 6. e3 e6 7. Bd6 Bxd6 8.
cxd6 Nb4 9. Bd3 Nfd5 10. O-O Nc3 11. Nc4 Nxd1 12. Nxb2 Nxb2 13. Be4 f5 14. Bxf5
exf5 15. Rab1 Nxa2 16. Rxb2 Nc3 17. Nd4 O-O 18. Rb3 Ne4 19. Rb5 f4 20. Nf5 b6
21. Re5 Nc5 22. exf4 Ne6 23. Rfe1 Nxf4 24. R1e3 Ne6 25. Rg3 Kh8 26. Re4 Rxf5
27. Rc4 Ba6 28. Rcc3 Nd4 0-1

[Event "Ste-Foy 2 2023-24"]
[Site "Ste-Foy CAN"]
[Date "2023.11.20"]
[Round "5"]
[White "Fleury, Dominic"]
[Black "Warren, Alexandre"]
[Result "0-1"]
[WhiteElo "1375"]
[BlackElo "1482"]
[PlyCount "90"]
[EventDate "2023.10.23"]
[EventType "tourn"]
[EventRounds "5"]
[EventCountry "CAN"]

1. e4 c6 2. d4 d5 3. exd5 cxd5 4. Nf3 Nc6 5. Be2 Nf6 6. O-O Bf5 7. Bf4 e6 8. c3
Bd6 9. Ne5 Qc7 10. Bb5 O-O 11. Re1 a6 12. Bd3 Bxd3 13. Qxd3 Nh5 14. Bg3 Nxg3
15. fxg3 Nxe5 16. dxe5 Bxe5 17. Nd2 b5 18. Nf3 Bf6 19. Qd2 Qb6+ 20. Kh1 Rac8
21. h4 Rc4 22. Ne5 Bxe5 23. Rxe5 b4 24. cxb4 Qxb4 25. Qe2 Rfc8 26. b3 Rc2 27.
Qxa6 Qc3 28. Rae1 Qxg3 29. R5e2 Qxh4+ 30. Kg1 Rc1 31. Kf1 Rxe1+ 32. Rxe1 Qh1+
33. Kf2 Rc2+ 34. Re2 Rxe2+ 35. Kxe2 Qxg2+ 36. Ke3 Qe4+ 37. Kd2 Qb4+ 38. Ke3 g5
39. Qa4 Qb6+ 40. Ke2 h5 41. Qd7 Qa6+ 42. Ke3 Kg7 43. Qd8 Qa7+ 44. Kf3 g4+ 45.
Kg2 Qxa2+ 0-1

[Event "Ste-Foy 2 2023-24"]
[Site "Ste-Foy CAN"]
[Date "2023.11.20"]
[Round "5"]
[White "Laurendeau, Alfred"]
[Black "Naderi, Pooya"]
[Result "1-0"]
[WhiteElo "1530"]
[BlackElo "1416"]
[PlyCount "109"]
[EventDate "2023.10.23"]
[EventType "tourn"]
[EventRounds "5"]
[EventCountry "CAN"]

1. e4 e6 2. e5 d5 3. exd6 Bxd6 4. d4 Nf6 5. Nf3 Nc6 6. c3 O-O 7. Bd3 e5 8. dxe5
Nxe5 9. Nxe5 Bxe5 10. f4 Bg4 11. Qc2 Bd6 12. O-O Re8 13. Nd2 Be2 14. Bxe2 Rxe2
15. Qd1 Qe7 16. Nf3 Ng4 17. b4 Bc5+ 18. bxc5 Qxc5+ 19. Qd4 Qf5 20. h3 Qc2 21.
Bd2 Nf6 22. Rfe1 Re4 23. Rxe4 Nxe4 24. Rc1 c5 25. Rxc2 cxd4 26. cxd4 Nxd2 27.
Rxd2 f6 28. d5 Kf7 29. Nd4 g6 30. d6 a6 31. Nb3 b6 32. Kf2 Ke6 33. d7 Rd8 34.
Ke3 Rxd7 35. Rxd7 Kxd7 36. Kd4 Kc6 37. Nd2 Kb5 38. Ne4 f5 39. Nc3+ Kb4 40. a4
b5 41. axb5 axb5 42. Nd5+ Kb3 43. Kc5 Kc2 44. Kxb5 Kd3 45. Kc5 Ke4 46. g4 Kf3
47. gxf5 gxf5 48. Kd4 h5 49. Ke5 h4 50. Kxf5 Kg3 51. Kg5 Kxh3 52. f5 Kg3 53.
Nf4 h3 54. Nxh3 Kxh3 55. f6 1-0

[Event "Ste-Foy 2 2023-24"]
[Site "Ste-Foy CAN"]
[Date "2023.11.20"]
[Round "5"]
[White "Roy, Justin"]
[Black "Berube, Antoine"]
[Result "0-1"]
[WhiteElo "1562"]
[BlackElo "2236"]
[PlyCount "40"]
[EventDate "2023.10.23"]
[EventType "tourn"]
[EventRounds "5"]
[EventCountry "CAN"]

1. e4 c5 2. Nf3 Nc6 3. d4 cxd4 4. Nxd4 e5 5. Nb3 Nf6 6. Nc3 Bb4 7. Bg5 h6 8.
Bxf6 Bxc3+ 9. bxc3 Qxf6 10. Bc4 O-O 11. O-O d6 12. Qd2 Be6 13. Bb5 Rac8 14.
Qxd6 a6 15. Bxc6 Rxc6 16. Qb4 b6 17. Rfe1 Rfc8 18. Re3 Qd8 19. Nc1 Qd1+ 20. Re1
Qxe1# 0-1

[Event "Ste-Foy 3"]
[Site "Quebec CAN"]
[Date "2023.02.20"]
[Round "1"]
[White "Fleury, Dominic"]
[Black "Berube, Antoine"]
[Result "0-1"]
[WhiteElo "1369"]
[BlackElo "2162"]
[PlyCount "60"]
[EventDate "2023.02.20"]
[EventType "swiss"]
[EventRounds "5"]
[EventCountry "CAN"]

1. e4 c5 2. Nf3 d6 3. Nc3 a6 4. a4 Nf6 5. d3 Nc6 6. g3 Bg4 7. Bg2 e6 8. O-O Be7
9. Ne2 O-O 10. h3 Bxf3 11. Bxf3 d5 12. exd5 Nxd5 13. Re1 Bf6 14. c3 Qd7 15. d4
cxd4 16. cxd4 Rac8 17. b3 Ncb4 18. Ba3 Rfd8 19. Bxd5 Nxd5 20. Qd2 h6 21. Rac1
Bg5 22. f4 Be7 23. Bb2 Bb4 24. Bc3 Nxc3 25. Nxc3 Rc6 26. Qe3 Qxd4 27. Qxd4 Rxd4
28. Re3 Rd7 29. Na2 Rxc1+ 30. Nxc1 Rd1+ 0-1

[Event "Ste-Foy 3"]
[Site "Quebec CAN"]
[Date "2023.02.20"]
[Round "1"]
[White "Laflamme, Simon"]
[Black "Couture, Francois"]
[Result "1-0"]
[WhiteElo "1869"]
[BlackElo "1222"]
[PlyCount "57"]
[EventDate "2023.02.20"]
[EventType "swiss"]
[EventRounds "5"]
[EventCountry "CAN"]

1. d4 Nf6 2. c4 e6 3. g3 c6 4. Bg2 d5 5. Nf3 Nbd7 6. O-O Be7 7. Qc2 O-O 8. b3
Ne4 9. Nc3 Ndf6 10. Bb2 Bd7 11. Ne5 Nxc3 12. Bxc3 Be8 13. Rfd1 Nd7 14. Nd3 f5
15. Bb4 Rc8 16. Bxe7 Qxe7 17. cxd5 c5 18. dxe6 Qxe6 19. Bxb7 Rc7 20. Nf4 Qd6
21. Bd5+ Bf7 22. Bxf7+ Rxf7 23. dxc5 Qxc5 24. Qxc5 Rxc5 25. Rac1 h6 26. Ne6 Re5
27. Rc8+ Kh7 28. Rxd7 Rxd7 29. Nf8+ 1-0

[Event "Ste-Foy 3"]
[Site "Quebec CAN"]
[Date "2023.02.20"]
[Round "1"]
[White "Marquis, Paul"]
[Black "Warren, Alexandre"]
[Result "1-0"]
[WhiteElo "1958"]
[BlackElo "1358"]
[PlyCount "47"]
[EventDate "2023.02.20"]
[EventType "swiss"]
[EventRounds "5"]
[EventCountry "CAN"]

1. e4 c6 2. d4 d5 3. Nc3 dxe4 4. Nxe4 Nf6 5. Nxf6+ exf6 6. Nf3 Bd6 7. Be2 Bg4
8. h3 Bh5 9. O-O Nd7 10. c4 O-O 11. Bd2 Re8 12. Re1 Nf8 13. Qb3 Qd7 14. Rad1
Ne6 15. d5 cxd5 16. cxd5 Nc5 17. Qb5 Qxb5 18. Bxb5 Rxe1+ 19. Rxe1 Bxf3 20. gxf3
a6 21. Bf1 Kf8 22. Bb4 Ne4 23. Rxe4 Bxb4 24. Rxb4 1-0

[Event "Ste-Foy 3"]
[Site "Quebec CAN"]
[Date "2023.02.20"]
[Round "1"]
[White "Pepin, Pierre-Luc"]
[Black "Mercure, Gilbert"]
[Result "0-1"]
[WhiteElo "1187"]
[BlackElo "1840"]
[PlyCount "78"]
[EventDate "2023.02.20"]
[EventType "swiss"]
[EventRounds "5"]
[EventCountry "CAN"]

1. e4 d5 2. exd5 Nf6 3. h3 Nxd5 4. g3 Nc6 5. Bg2 Bf5 6. c3 Bd3 7. Qf3 Nf6 8.
Ne2 Be4 9. Qe3 Bxg2 10. Rh2 Be4 11. d4 e5 12. dxe5 Nxe5 13. f3 Nxf3+ 14. Kf1
Nxh2+ 15. Kf2 Qd5 16. Nf4 Nfg4+ 17. hxg4 Nxg4+ 18. Ke2 Nxe3 19. Nxd5 Nxd5 20.
Nd2 Bc2 21. Nf1 O-O-O 22. Bd2 Bc5 23. Rc1 Rhe8+ 24. Kf3 Be4+ 25. Kg4 Bg2 26.
Nh2 h5+ 27. Kh4 Re4+ 28. Kg5 g6 29. Kh6 Be7 30. Kg7 g5 31. Kxf7 Rf8+ 32. Kg6
Re2 33. Rd1 Be4+ 34. Kxh5 Rh8+ 35. Kg4 Rhxh2 36. Bxg5 Bxg5 37. Kxg5 Rh8 38. Rd4
Rg8+ 39. Kh4 Rh2# 0-1

[Event "Ste-Foy 3"]
[Site "Quebec CAN"]
[Date "2023.02.27"]
[Round "2"]
[White "Berube, Antoine"]
[Black "Mercure, Gilbert"]
[Result "1-0"]
[WhiteElo "2162"]
[BlackElo "1840"]
[PlyCount "55"]
[EventDate "2023.02.20"]
[EventType "swiss"]
[EventRounds "5"]
[EventCountry "CAN"]

1. d4 d5 2. c4 e5 3. dxe5 d4 4. Nf3 Nc6 5. g3 Nge7 6. Bg2 Ng6 7. O-O Bf5 8. Qb3
Qc8 9. Rd1 Bc5 10. e3 Nb4 11. Nxd4 a5 12. Na3 c6 13. e4 Bg4 14. f3 Bh3 15. Be3
Nxe5 16. Nf5 Bxf5 17. Bxc5 Be6 18. Bxb4 axb4 19. Qxb4 c5 20. Qc3 f6 21. Nb5 O-O
22. b3 Rd8 23. Rd2 Rxd2 24. Qxd2 Qf8 25. Rd1 Nc6 26. Qd6 Kf7 27. Qxf8+ Kxf8 28.
Nc7 1-0

[Event "Ste-Foy 3"]
[Site "Quebec CAN"]
[Date "2023.02.27"]
[Round "2"]
[White "Boucher, Antoni"]
[Black "Michaud, Jacques"]
[Result "1/2-1/2"]
[WhiteElo "1921"]
[BlackElo "1494"]
[PlyCount "51"]
[EventDate "2023.02.20"]
[EventType "swiss"]
[EventRounds "5"]
[EventCountry "CAN"]

1. d4 Nf6 2. Bg5 d6 3. Bxf6 exf6 4. c4 Be7 5. Nc3 c5 6. e3 cxd4 7. exd4 Nc6 8.
Nf3 O-O 9. Be2 Bg4 10. Qd2 f5 11. Nd5 Re8 12. O-O Bf6 13. Nxf6+ Qxf6 14. b3
Rxe2 15. Qxe2 Nxd4 16. Qd3 Nxf3+ 17. gxf3 Bh3 18. Kh1 Bxf1 19. Rxf1 Re8 20. Qd5
b6 21. Rd1 g6 22. Qxd6 Re1+ 23. Kg2 Qg5+ 24. Kh3 Qh5+ 25. Kg2 Qg5+ 26. Kh3
1/2-1/2

[Event "Ste-Foy 3"]
[Site "Quebec CAN"]
[Date "2023.02.27"]
[Round "2"]
[White "Laurendeau, Alfred"]
[Black "Laflamme, Simon"]
[Result "0-1"]
[WhiteElo "1482"]
[BlackElo "1869"]
[PlyCount "42"]
[EventDate "2023.02.20"]
[EventType "swiss"]
[EventRounds "5"]
[EventCountry "CAN"]

1. d4 Nf6 2. c4 e6 3. Nf3 d5 4. Nc3 c5 5. cxd5 cxd4 6. Nxd4 Nxd5 7. g3 Nxc3 8.
bxc3 Qd5 9. Nf3 Qxd1+ 10. Kxd1 Bc5 11. e3 Bd7 12. Bd3 Bc6 13. Ke2 Nd7 14. Rd1
e5 15. Nd2 Nb6 16. Bb2 O-O 17. Rac1 Rad8 18. c4 f6 19. Ne4 Be7 20. Ba1 Rxd3 21.
Nxf6+ gxf6 0-1

[Event "Ste-Foy 3"]
[Site "Quebec CAN"]
[Date "2023.02.27"]
[Round "2"]
[White "Marois, Remi"]
[Black "Marquis, Paul"]
[Result "0-1"]
[WhiteElo "1531"]
[BlackElo "1958"]
[PlyCount "110"]
[EventDate "2023.02.20"]
[EventType "swiss"]
[EventRounds "5"]
[EventCountry "CAN"]

1. e4 e6 2. d3 d5 3. Nd2 c5 4. Ngf3 Nc6 5. g3 g6 6. Bg2 Bg7 7. O-O Nge7 8. Re1
h6 9. Nf1 b6 10. h4 Bb7 11. N1h2 dxe4 12. dxe4 Qxd1 13. Rxd1 O-O 14. c3 Rfd8
15. Be3 Na5 16. Nd2 f5 17. exf5 Bxg2 18. Kxg2 exf5 19. f4 Rd3 20. Kf2 Rad8 21.
Ke2 c4 22. Nhf3 Nd5 23. Nf1 Bxc3 24. Bd4 Bxd4 25. Nxd4 Nxf4+ 26. gxf4 R8xd4 27.
Rxd3 cxd3+ 28. Ke3 Re4+ 29. Kf3 Nb7 30. a3 Nc5 31. Rd1 a5 32. Ng3 Rc4 33. h5
Kf7 34. hxg6+ Kxg6 35. Nf1 a4 36. Ke3 Re4+ 37. Kf3 Re2 38. Rxd3 Nxd3 39. Kxe2
Nxb2 40. Nd2 b5 41. Nb1 Nc4 42. Kf3 Kf6 43. Kg3 Ke6 44. Kh4 Kd6 45. Kh5 Kc5 46.
Kxh6 Kd4 47. Kg5 Kd3 48. Kxf5 Kc2 49. Ke6 Ne3 50. Kd6 Kxb1 51. Kc5 Kb2 52. Kb4
Ka2 53. Kxb5 Kxa3 54. f5 Nxf5 55. Kc4 Kb2 0-1

[Event "Ste-Foy 3"]
[Site "Quebec CAN"]
[Date "2023.02.27"]
[Round "2"]
[White "Warren, Alexandre"]
[Black "Soucy, Mathieu"]
[Result "1-0"]
[WhiteElo "1358"]
[BlackElo "1088"]
[PlyCount "47"]
[EventDate "2023.02.20"]
[EventType "swiss"]
[EventRounds "5"]
[EventCountry "CAN"]

1. d4 Nf6 2. Nf3 g6 3. Bf4 Bg7 4. Nc3 O-O 5. Qd2 d5 6. Bh6 Bf5 7. Bxg7 Kxg7 8.
e3 Nc6 9. Bd3 Bxd3 10. cxd3 Re8 11. O-O e5 12. dxe5 Nxe5 13. Nxe5 Rxe5 14. Rac1
c6 15. b4 Qd6 16. b5 Ng4 17. g3 Rae8 18. Qb2 f6 19. h3 Qd7 20. hxg4 Qxg4 21.
Qe2 Qh3 22. Qf3 Rh5 23. Qg2 Qf5 24. g4 1-0

[Event "Ste-Foy 3"]
[Site "Quebec CAN"]
[Date "2023.03.06"]
[Round "3"]
[White "Belanger, Mathieu-Olivier"]
[Black "Laflamme, Simon"]
[Result "1-0"]
[WhiteElo "1972"]
[BlackElo "1869"]
[PlyCount "53"]
[EventDate "2023.02.20"]
[EventType "swiss"]
[EventRounds "5"]
[EventCountry "CAN"]

1. e4 c5 2. Nf3 Nc6 3. b4 cxb4 4. d4 d5 5. exd5 Qxd5 6. c4 bxc3 7. Nxc3 Qa5 8.
Rb1 e6 9. Bd2 Nf6 10. Bb5 Bb4 11. Qb3 Bxc3 12. Bxc3 Qb6 13. Qa3 Bd7 14. O-O Nd5
15. Ne5 Qc7 16. Nc4 Nxc3 17. Nd6+ Ke7 18. Nxb7+ Kf6 19. Qxc3 Qxb7 20. d5+ Ne5
21. Bc6 Qc8 22. f4 Bxc6 23. fxe5+ Ke7 24. dxc6 Rb8 25. Qc5+ Ke8 26. Qxa7 Ra8
27. Qxf7+ 1-0

[Event "Ste-Foy 3"]
[Site "Quebec CAN"]
[Date "2023.03.06"]
[Round "3"]
[White "Lescarbeau, Martin"]
[Black "Warren, Alexandre"]
[Result "1-0"]
[WhiteElo "1609"]
[BlackElo "1358"]
[PlyCount "63"]
[EventDate "2023.02.20"]
[EventType "swiss"]
[EventRounds "5"]
[EventCountry "CAN"]

1. e4 c6 2. Nc3 d5 3. Nf3 Bg4 4. h3 Bh5 5. exd5 cxd5 6. g4 Bg6 7. Ne5 Nc6 8.
Bb5 Qd6 9. d4 a6 10. Bxc6+ bxc6 11. Bf4 Qe6 12. Na4 Be4 13. f3 Qf6 14. Bg3 Bg6
15. c3 h5 16. Qb3 hxg4 17. Qb7 Rd8 18. fxg4 Qd6 19. Kf2 Be4 20. Rh2 g5 21. Rf1
Rb8 22. Qxa6 Bg7 23. Nxc6 Bxd4+ 24. cxd4 Qf6+ 25. Kg1 Bf3 26. Bxb8 Qe6 27. Nc5
Qe3+ 28. Rhf2 Bxg4 29. Qd3 Qxd3 30. Nxd3 Rxh3 31. Nde5 Rg3+ 32. Rg2 1-0

[Event "Ste-Foy 3"]
[Site "Quebec CAN"]
[Date "2023.03.06"]
[Round "3"]
[White "Marois, Remi"]
[Black "Pepin, Pierre-Luc"]
[Result "1-0"]
[WhiteElo "1531"]
[BlackElo "1187"]
[PlyCount "125"]
[EventDate "2023.02.20"]
[EventType "swiss"]
[EventRounds "5"]
[EventCountry "CAN"]

1. e4 e5 2. f4 exf4 3. Nf3 Nf6 4. e5 Nh5 5. Be2 g6 6. O-O d6 7. d4 Bh6 8. exd6
Qxd6 9. Ne5 f6 10. Nc4 Qd5 11. Nc3 Qg5 12. Bxh5 Qxh5 13. Qxh5 gxh5 14. Nd5 Be6
15. Nxc7+ Kd7 16. Nxe6 Kxe6 17. Bxf4 Bxf4 18. Rxf4 Rg8 19. Re1+ Kf7 20. Nd6+
Kg6 21. Nxb7 Nc6 22. Re3 Kg5 23. Rfe4 Rgb8 24. Rb3 f5 25. h4+ Kf6 26. Rf4 Nd8
27. Nc5 Rxb3 28. Nxb3 Ne6 29. Rf3 f4 30. d5 Nc7 31. Rxf4+ Ke5 32. Rf7 Nxd5 33.
Rxh7 Nb4 34. Rxh5+ Kf4 35. Rc5 Rd8 36. Kf2 Na6 37. g3+ Ke4 38. Rc4+ Ke5 39. h5
Kf5 40. Rd4 Rh8 41. g4+ Kg5 42. Kg3 Rh7 43. Rd5+ Kf6 44. Rd6+ Ke5 45. Rxa6 Kd5
46. Ra5+ Ke4 47. Nc5+ Ke3 48. Ra3+ Kd2 49. Rc3 Kc1 50. Nd3+ Kd2 51. Kh4 Rd7 52.
h6 Re7 53. g5 Rd7 54. Kh5 Re7 55. g6 Rd7 56. h7 Rd8 57. Kh6 Re8 58. g7 Rd8 59.
g8=Q Rxg8 60. hxg8=Q Kd1 61. Qg1+ Kd2 62. Qf2+ Kd1 63. Qe1# 1-0

[Event "Ste-Foy 3"]
[Site "Quebec CAN"]
[Date "2023.03.06"]
[Round "3"]
[White "Marquis, Paul"]
[Black "Berube, Antoine"]
[Result "0-1"]
[WhiteElo "1958"]
[BlackElo "2162"]
[PlyCount "72"]
[EventDate "2023.02.20"]
[EventType "swiss"]
[EventRounds "5"]
[EventCountry "CAN"]

1. e4 c5 2. Nc3 Nc6 3. g3 g6 4. Bg2 Bg7 5. d3 d6 6. Be3 e5 7. Qd2 Nge7 8. Bh6
O-O 9. Bxg7 Kxg7 10. h4 h5 11. Nge2 Rb8 12. f4 Bg4 13. Nd1 Nd4 14. Nxd4 cxd4
15. Nf2 f5 16. fxe5 dxe5 17. Nxg4 fxg4 18. O-O-O Nc6 19. Rhf1 Qe7 20. Rxf8 Rxf8
21. Rf1 Rxf1+ 22. Bxf1 g5 23. hxg5 Kg6 24. c3 Qxg5 25. Qxg5+ Kxg5 26. Kd2 h4
27. Bg2 hxg3 28. Ke2 Kf4 29. Bh1 b5 30. a3 a5 31. Bg2 Kg5 32. c4 b4 33. Bf1 Nd8
34. Kd2 Ne6 35. Kd1 Kf4 36. Ke2 Nc5 0-1

[Event "Ste-Foy 3"]
[Site "Quebec CAN"]
[Date "2023.03.06"]
[Round "3"]
[White "Mercure, Gilbert"]
[Black "Bergeron, Nicolas"]
[Result "1-0"]
[WhiteElo "1840"]
[BlackElo "1105"]
[PlyCount "81"]
[EventDate "2023.02.20"]
[EventType "swiss"]
[EventRounds "5"]
[EventCountry "CAN"]

1. e4 e5 2. Nf3 Nc6 3. Bc4 Nf6 4. Ng5 d5 5. exd5 Na5 6. Bb5+ c6 7. dxc6 bxc6 8.
Qf3 Bb7 9. Bd3 Be7 10. Nc3 h6 11. Nge4 Nd5 12. a3 c5 13. Bb5+ Kf8 14. d3 Nc6
15. Nxd5 Nd4 16. Qd1 Bxd5 17. Bc4 Bxc4 18. dxc4 Ne6 19. Be3 Qc7 20. Nc3 Qb7 21.
Qd5 Qxd5 22. Nxd5 Bg5 23. c3 Rb8 24. b4 Bxe3 25. fxe3 f6 26. O-O Kf7 27. Rf5
Rhc8 28. b5 Ng5 29. Raf1 Ke6 30. Nxf6 gxf6 31. Rxf6+ Ke7 32. Rxh6 Rf8 33. Rxf8
Rxf8 34. Ra6 Ne4 35. Rxa7+ Ke6 36. b6 Nxc3 37. h4 Rb8 38. Ra6 Rb7 39. a4 Nxa4
40. Rxa4 Rxb6 41. Kf2 1-0

[Event "Ste-Foy 3"]
[Site "Quebec CAN"]
[Date "2023.03.06"]
[Round "3"]
[White "Michaud, Jacques"]
[Black "Ben Afia, Achraf"]
[Result "0-1"]
[WhiteElo "1494"]
[BlackElo "1311"]
[PlyCount "84"]
[EventDate "2023.02.20"]
[EventType "swiss"]
[EventRounds "5"]
[EventCountry "CAN"]

1. d4 d5 2. Nf3 Nf6 3. Bg5 e6 4. c4 Be7 5. Nc3 c5 6. e3 Nc6 7. cxd5 exd5 8.
dxc5 Bg4 9. Be2 Be6 10. O-O Bxc5 11. Bxf6 gxf6 12. Rc1 Bb6 13. Na4 Rg8 14. Ne1
Rg7 15. Bf3 Ne5 16. Be2 Ke7 17. Nxb6 Qxb6 18. Qc2 Rc8 19. Qd2 Nc4 20. Bxc4 Rxc4
21. Rxc4 dxc4 22. Nf3 Bh3 23. Nh4 Qc6 24. f3 b5 25. Kh1 Bd7 26. e4 Rg8 27. Rd1
Rd8 28. Nf5+ Ke8 29. Qd4 Kf8 30. Ne3 Qe6 31. Nd5 Kg7 32. Nc7 Qc6 33. Nd5 Qe6
34. Nf4 Qe7 35. Qd5 Re8 36. Qxd7 Qe5 37. Qd2 a6 38. Nd5 Rd8 39. Qd4 Qe6 40. Qc3
Rd7 41. Qe1 f5 42. Qg3+ Kh8 0-1

[Event "Ste-Foy 3"]
[Site "Quebec CAN"]
[Date "2023.03.06"]
[Round "3"]
[White "Soucy, Mathieu"]
[Black "Couture, Francois"]
[Result "0-1"]
[WhiteElo "1088"]
[BlackElo "1222"]
[PlyCount "62"]
[EventDate "2023.02.20"]
[EventType "swiss"]
[EventRounds "5"]
[EventCountry "CAN"]

1. d4 Nf6 2. c4 e6 3. Nc3 d5 4. Nf3 Bb4 5. Qa4+ Nc6 6. Bg5 O-O 7. cxd5 Bxc3+ 8.
bxc3 exd5 9. e3 Qd6 10. Bf4 Qe7 11. Bd3 Bd7 12. Bxc7 Ne5 13. Qd1 Nxf3+ 14. Qxf3
Bg4 15. Qg3 Rac8 16. Bd6 Nh5 17. Bxe7 Nxg3 18. Bxf8 Nxh1 19. Bb4 Rc6 20. Kd2
Nxf2 21. Rb1 Nxd3 22. Ba3 Nf2 23. Rxb7 h5 24. h3 Ne4+ 25. Ke1 Bf5 26. Bb2 g5
27. Rxa7 Re6 28. Ra5 Rd6 29. Ba3 Rd7 30. Ra8+ Kh7 31. Rc8 Ra7 0-1

[Event "Ste-Foy 3"]
[Site "Quebec CAN"]
[Date "2023.03.13"]
[Round "4"]
[White "Bergeron, Nicolas"]
[Black "Potvin, Alain-Nicolas"]
[Result "0-1"]
[WhiteElo "1105"]
[BlackElo "1715"]
[PlyCount "56"]
[EventDate "2023.02.20"]
[EventType "swiss"]
[EventRounds "5"]
[EventCountry "CAN"]

1. e4 d6 2. d4 Nf6 3. Nc3 g6 4. Nf3 Bg7 5. Bd3 O-O 6. O-O Bg4 7. h3 Bxf3 8.
Qxf3 Nc6 9. Be3 e5 10. d5 Nd4 11. Qd1 c5 12. Ne2 b5 13. c3 Nxe2+ 14. Qxe2 a6
15. a4 c4 16. Bc2 Qc7 17. a5 Nd7 18. Qd2 Rab8 19. f3 Rfc8 20. Rfc1 Qd8 21. Qf2
b4 22. Ba4 Nc5 23. Bxc5 Rxc5 24. Bc6 Bh6 25. Rc2 Rxa5 26. Qe1 Qb6+ 27. Kh1 b3
28. Rf2 Rxa1 0-1

[Event "Ste-Foy 3"]
[Site "Quebec CAN"]
[Date "2023.03.13"]
[Round "4"]
[White "Berube, Antoine"]
[Black "Belanger, Mathieu-Olivier"]
[Result "1-0"]
[WhiteElo "2162"]
[BlackElo "1972"]
[PlyCount "87"]
[EventDate "2023.02.20"]
[EventType "swiss"]
[EventRounds "5"]
[EventCountry "CAN"]

1. d4 Nf6 2. c4 e6 3. Nc3 d5 4. cxd5 exd5 5. Bg5 c6 6. Qc2 Be7 7. e3 Nbd7 8.
Bd3 O-O 9. Nf3 Re8 10. h3 Nf8 11. O-O Be6 12. Rab1 Rc8 13. Rfd1 Nh5 14. Bxe7
Qxe7 15. Bf5 g6 16. Bxe6 Qxe6 17. a4 Nd7 18. a5 b5 19. Ne2 f5 20. b4 Re7 21.
Nf4 Nxf4 22. exf4 Qf6 23. Ne5 g5 24. fxg5 Qxg5 25. Nf3 Qh5 26. Kh2 Nf6 27. Re1
Ne4 28. Ne5 Qg5 29. Rb3 Rg7 30. g3 Kh8 31. Rg1 Qf6 32. Rf3 Nd6 33. Rf4 h5 34.
Qe2 Rh7 35. Rh4 Qh6 36. Re1 Rf8 37. Qf3 Ne4 38. Qf4 Qg7 39. Rc1 Qg5 40. Rxc6
Qxf4 41. Rxf4 h4 42. Ng6+ Kg7 43. Nxf8 hxg3+ 44. fxg3 1-0

[Event "Ste-Foy 3"]
[Site "Quebec CAN"]
[Date "2023.03.13"]
[Round "4"]
[White "Couture, Francois"]
[Black "Lescarbeau, Martin"]
[Result "0-1"]
[WhiteElo "1222"]
[BlackElo "1609"]
[PlyCount "78"]
[EventDate "2023.02.20"]
[EventType "swiss"]
[EventRounds "5"]
[EventCountry "CAN"]

1. Nf3 Nf6 2. c4 e6 3. g3 d5 4. d4 c6 5. cxd5 exd5 6. Bg2 Bb4+ 7. Nc3 O-O 8.
O-O Bf5 9. a3 Ba5 10. Bf4 Bxc3 11. bxc3 Ne4 12. Qb3 Qb6 13. Rfb1 Nd7 14. Rb2
Qxb3 15. Rxb3 b5 16. Nd2 Nxd2 17. Bxd2 Rfe8 18. Re1 Nb6 19. Bf4 Nc4 20. a4 Bc2
21. Rb4 a5 22. Rxc4 bxc4 23. f3 Bxa4 24. e4 Bb3 25. Bc1 Rab8 26. Re2 Ba4 27.
Kf2 Rb3 28. Ra2 Rxc3 29. Bd2 Rc2 30. Rxa4 Rxd2+ 31. Kf1 c3 32. Ra3 c2 33. Rc3
Rd1+ 34. Ke2 c1=Q 35. Rxc1 Rxc1 36. Ke3 a4 37. Kd2 Rg1 38. Bh3 a3 39. Kc2 a2
0-1